عرض عادي
عرض مارك
- العقود الإدارية
مدخل مصطلح موضوعي
001 - رقم الضبط
- حقل الضبط: 53260
003 - معرف رقم الضبط
- حقل الضبط: OSt
005 - تاريخ ووقت أخر عملية
- حقل الضبط: 20160201115529.0
008 - عناصر بيانات ثابتة الطول
- حقل تحكم ثابت الطول: 160201|| aca||aabn | a|a d
040 ## - مصدر الفهرسة
- هيئة الفهرسة الأصلية: OSt
- وكالة الكتابة: OSt
150 ## - مدخل-- مصطلح تاريخي
- عنصر مدخل المصطلح الموضوعي او الاسم الجغرافي: العقود الإدارية
- تفريع عام: قوانين وتشريعات
- تفريع جغرافي: العراق
670 ## - بيانات المصدر موجوده
- الاستشهاد بالمصدر: Work cat.: (OSt)38712: البدري، أحمد طلال عبد الحميد 53259, قاعدة العقد شريعة المتعاقدين في مجال العقود الإدارية :, 2013
